Logo BPK

Bibliografia Prac Pracowników

Politechniki Koszalińskiej

Specjalizowany cyfrowy system predykcyjny z prostą hipotezą o ruchu celu / (Rekord nr 4633)

Szczegóły MARC
000 -ETYKIETA REKORDU
podpole kontrolne o stałej długości 01134nab a2200229 i 4500
001 - NUMER KONTROLNY REKORDU
podpole kontrolne BPP
003 - IDENTYFIKATOR NUMERU KONTROLNEGO REKORDU
podpole kontrolne BPK
005 - DATA OSTATNIEJ MODYFIKACJI REKORDU
podpole kontrolne 20151204095341.0
008 - POLE O STAŁEJ DŁUGOŚCI - DANE KONTROLNE
podpole kontrolne o stałej długości 151204s2010 pl n f |000 0pol
040 ## - ŹRÓDŁO KATALOGOWANIA
Instytucja, która utworzyła rekord BPK
080 ## - UNIWERSALNA KLASYFIKACJA DZIESIĘTNA - UKD
UKD 531.5
100 ## - NAZWA OSOBOWA
Nazwa osobowa MADEJ, Wiesław.
Lata pracy 1997 - .
Instytucja Politechnika Koszalińska - Wydział Elektroniki i Informatyki,
Wydział Katedra Systemów Cyfrowego Przetwarzania Sygnałów
245 ## - TYTUŁ/ODPOWIEDZIALNOŚĆ
Tytuł Specjalizowany cyfrowy system predykcyjny z prostą hipotezą o ruchu celu /
Pozostałe elementy strefy tytułu i oznaczenia odpowiedzialności Wiesław Madej.
260 ## - STREFA ADRESU WYDAWNICZEGO
Data publikacji, dystrybucji/powstania dokumentu 2010.
500 ## - UWAGI OGÓLNE
Tekst uwagi Dane z autopsji.
520 ## - UWAGA DOTYCZĄCA TREŚCI DOKUMENTU
Analiza dokumentacyjna, adnotacja itp. W pracy przedstawiono procedurę postępowania przy projektowaniu specjalizowanego cyfrowego systemu predykcyjnego przeznaczonego dla artylerii przeciwlotniczej. Wyznaczono funkcje balistyczne dla armaty S-60 oraz przedstawiono algorytm pracy. .Balistyka modułu balistycznego dla prostej hipotezy o ruchu celu.
650 #0 - HASŁO PRZEDMIOTOWE W FORMIE NAZWY OGÓLNEJ LUB JEDNOSTKOWEJ
Nazwa ogólna lub geograficzna Artyleria przeciwlotnicza.
650 #0 - HASŁO PRZEDMIOTOWE W FORMIE NAZWY OGÓLNEJ LUB JEDNOSTKOWEJ
Nazwa ogólna lub geograficzna Funkcje.
650 ## - HASŁO PRZEDMIOTOWE W FORMIE NAZWY OGÓLNEJ LUB JEDNOSTKOWEJ
Nazwa ogólna lub geograficzna Balistyka.
773 ## - TYTUŁ DOKUMENTU MACIERZYSTEGO
Wyrażenie wprowadzające W :
Tytuł Zeszyty Naukowe Wydziału Elektroniki i Informatyki Politechniki Koszalińskiej. -
Informacje dotyczące relacji 2010, nr 2, s. 15-36
942 ## - HASŁO DODATKOWE - ELEMENTY(KOHA)
Typ dokumentu Artykuł
Schemat klasyfikacji Uniwersalna klasyfikacja dziesiętna
Egzemplarze
Wycofany Zagubiony Uszkodzony Dostępność Lokalizacja stała Lokalizacja bieżąca Sygnatura Typ dokumentu
      Dostępny Bibliografia Prac Pracowników - BPK Bibliografia Prac Pracowników - BPK 01547 Artykuł
© 2014 Biblioteka Politechniki Koszalińskiej :: BIBLIOGRAFIA PRAC PRACOWNIKÓW